| 000 | 00519nam a2200217Ia 4500 | ||
|---|---|---|---|
| 999 |
_c27448 _d27448 |
||
| 003 | 0100 | ||
| 005 | 20180222153132.0 | ||
| 008 | 130303s9999 xx 000 0 und d | ||
| 040 | _cARRUPELIB | ||
| 050 | _aDT763.B48 1996 | ||
| 100 |
_aBiko, Steve _939501 |
||
| 245 |
_aI write what l like: _ba selection of his writings / |
||
| 260 |
_aLondon _bBowerdean Publishing Company _c1996 |
||
| 300 | _a216p. | ||
| 300 | _b 21cm. | ||
| 440 |
_aAfrican Writers Series _93197 |
||
| 650 |
_aBlack nationalism _xHistory _xCollected works _zSouth Africa _939502 |
||
| 700 |
_aStubbs, Aelred ed. _939503 |
||
| 942 | 0 | 0 |
_05 _2lcc _cMONOGRAPH |